Οι Ολυμπιακοί Αγώνες του 2004 και οι επιπτώσεις στον ελληνικό τουρισμό
Αποθηκεύτηκε σε:
| Κύριος συγγραφέας: | |
|---|---|
| Συγγραφή απο Οργανισμό/Αρχή: | |
| Μορφή: | Βιβλίο |
| Γλώσσα: | Greek |
| Δημοσίευση: |
Αθήνα :
Ινστιτούτο Τουριστικών Ερευνών και Προβλέψεων,
1999
|
| Σειρά: | Μελέτες ;
; 5 |
| Θέματα: | |
| Ετικέτες: |
Προσθήκη ετικέτας
Δεν υπάρχουν, Καταχωρήστε ετικέτα πρώτοι!
|
MARC
| LEADER | 00000cam a2200000 i 4500 | ||
|---|---|---|---|
| 001 | 1/78673 | ||
| 008 | 990429s1996 gre d | ||
| 035 | |l 10050205 | ||
| 040 | |a GR-MY-UA |b gre |e aacr | ||
| 041 | 0 | |a gre | |
| 082 | 0 | |a 338.4791495 | |
| 100 | 1 | |a Παπανίκος, Γρηγόρης Θ., |d 1957- | |
| 245 | 1 | 3 | |a Οι Ολυμπιακοί Αγώνες του 2004 και οι επιπτώσεις στον ελληνικό τουρισμό / |c Γρηγόρης Θ. Παπανίκος |
| 260 | |a Αθήνα : |b Ινστιτούτο Τουριστικών Ερευνών και Προβλέψεων, |c 1999 | ||
| 300 | |a 124 σ. | ||
| 490 | 1 | |a Μελέτες |v ; 5 | |
| 650 | 0 | 0 | |a Tourism |z Greece. |
| 650 | 0 | 0 | |a Olympics. |
| 710 | 2 | |a Ινστιτούτο Τουριστικών Ερευνών και Προβλέψεων (Ι.Τ.Ε.Π.) | |
| 830 | 0 | |a Μελέτες ; |v ; 5 | |
| 852 | |a INST |b CHIOS |e 20040129 |h 338.4791495 ΠΑΠ |p 005200012764 |q 005200012764 |t BK |y 0 | ||
| 852 | |a INST |b CHIOS |e 19990507 |h 338.4791495 ΠΑΠ |p 005200014405 |q 005200014405 |t BK |y 0 | ||
| 852 | |a INST |b CHIOS |e 19990507 |h 338.4791495 ΠΑΠ |p 005200014406 |q 005200014406 |t BK |y 0 | ||
| 852 | |a INST |b CHIOS |e 19990429 |h 338.4791495 ΠΑΠ |p 005200014503 |q 005200014503 |t BK |y 0 | ||
| 852 | |a INST |b CHIOS |e 20010822 |h 338.4791495 ΠΑΠ |p 005200021073 |q 005200021073 |t BK |y 0 | ||
| 901 | |a BIBL-1999-1 | ||
| 901 | |a BIBL2-2001-2 | ||
| 901 | |a BIBL2-2004-1 | ||
| 909 | |a Χ |b 055718 | ||
| 909 | |a Χ |b 107799 | ||
| 909 | |a Χ |b 055722 | ||
| 909 | |a Χ |b 055721 | ||
| 909 | |a Χ |b 083833 | ||
| 922 | |a 2ΔΩΡ |b 199905 |d ΜΕΤΑΠΤΥΧΙΑΚΟ ΤΟΥΡΙΣΜΟΥ | ||